| 000 | 00534nam a2200157 4500 | ||
|---|---|---|---|
| 999 |
_c16284 _d16284 |
||
| 008 | 211105b ||||| |||| 00| 0 eng d | ||
| 022 | _a0732-8435 | ||
| 082 | _aDPer 657.05 C33 Apr - Sept 2016, v86 n4-9 | ||
| 100 |
_aAftermath, Allan B. _943543 |
||
| 245 |
_aThe audit committee financial expert/ _cAllan B. Aftermath. |
||
| 260 |
_aNew York: _bThe New York State Society of CPA, _c©2016. |
||
| 300 |
_av86 n6, pages 68-69: _billustrations; _c28 cm. |
||
| 650 |
_aAuditing. _943631 |
||
| 650 |
_aFinance. _943632 |
||
| 942 |
_2ddc _cPER |
||